| 000 | 00807nam a2200241 i 4500 | ||
|---|---|---|---|
| 001 | 49816 | ||
| 003 | ES-MaACL | ||
| 005 | 20231227180514.0 | ||
| 007 | t| | ||
| 008 | 030724s1948 sp |||| | spa d | ||
| 080 | _a821.111-22"19" | ||
| 100 | 1 |
_aCoward, Noel. _941368 |
|
| 245 | 1 | 3 |
_aUn espíritu burlón _b: una farsa improbable en tres actos / _cpor Noel Coward ; [traducción del inglés por Luis Escobar y Fernando Mondragón]. |
| 250 | _a1ª ed. | ||
| 260 |
_a[Barcelona : _bs.n.], _c1948 ( _fTip. La Académica) |
||
| 300 |
_a180 p. : _bil. ; _c19 cm. |
||
| 490 | 1 | _aAl monigote de papel | |
| 700 | 1 |
_aEscobar, Luis, _d1908-1991 _9148292 |
|
| 700 | 1 |
_aMondragón, Fernando. _982151 |
|
| 830 | 0 |
_aAl monigote de papel _9181405 |
|
| 852 |
_aES-MaACL _jE-253 |
||
| 999 |
_c49816 _d49816 |
||